000 00424nam a2200193Ia 4500
008 240509s9999 xx 000 0 und d
020 _a0000895881357
041 _aEng
082 _a005.136
082 _bZ14
100 _aZAKS, Rodnay
245 0 _aProgramming the 6502
260 _bBerkeley, CA : SYBEX
260 _c1983
300 _a408 p.
650 _aAssembly languages
942 _2ddc
942 _cLBK
999 _c22836
_d22836
945 _a1
_bMadushi Gamage
_c1
_dMadushi Gamage